000 00710nam a22002537a 4500
001 45104
003 UA-OsUOA
005 20210714224158.0
007 ta
008 20110926b un ||||| |||| 00| 0 ukr d
040 _aUA-OsUOA
_bukr
_cUA-OsUOA
_dUA-OsUOA
041 _aukr
080 _a09.-82-3
090 _a09.-82-3
_bК73
100 _aКотляревський І.
245 _aНаталка Полтавка
260 _aМангайм
_c1946
300 _a46 с.
650 7 _a0 Загальний відділ.
_2UDC
942 _cBK
_2udc
955 _a3
999 _c425219
_d425219